000 00431nam a2200181Ia 4500
001 10165
005 20260306161811.0
008 260306t2012||||xx |||||||||||||| ||spa||
041 _aESP
082 _a907.20904
_bI433
100 _aIggers, George G.
_eAUT
245 0 _aLa historiografĂ­a del siglo xx
260 _c2012
300 _a277 páginas :
_c21 cm.
650 _aGEN
654 _aCHU
942 _cLIB
_dJUS
_fJUS
_2ddc
_n
999 _c10165
_d10165